twenty one pilots - Truce - Statistics

General Stats
  • This quiz has been taken 405 times
  • The average score is 69 of 76
Answer Stats
Answer % Correct
I
100%
I
100%
is
98%
is
98%
is
98%
is
98%
is
98%
the
98%
The
98%
the
98%
an
97%
will
97%
will
97%
will
97%
will
97%
will
97%
Now
96%
now
96%
now
96%
to
96%
to
96%
to
96%
me
95%
me
95%
night
95%
night
95%
alive
94%
alive
94%
alive
94%
alive
94%
and
94%
for
94%
for
94%
Stay
94%
stay
94%
Stay
94%
stay
94%
end
93%
free
93%
free
93%
You
93%
You
93%
again
92%
again
92%
coming
92%
die
92%
die
92%
die
92%
die
92%
we
91%
rise
89%
sun
89%
try
89%
your
89%
your
89%
life
87%
life
87%
but
84%
but
84%
Take
84%
Take
84%
pride
81%
pride
81%
what
80%
what
80%
I'm
77%
in
77%
in
77%
hope
76%
not
75%
friend
74%
my
74%
only
74%
sure
74%
sure
74%
fear
73%
No matching quizzes found
Score Distribution
Percent of People with Each Score
Percentile by Number Answered
Your Score History
You have not taken this quiz